Song and dance man / (Record no. 324)

MARC details
000 -LEADER
fixed length control field 01152pam a2200313 a 4500
005 - DATE AND TIME OF LATEST TRANSACTION
control field 20260322212015.0
008 - FIXED-LENGTH DATA ELEMENTS--GENERAL INFORMATION
fixed length control field data
010 ## - LIBRARY OF CONGRESS CONTROL NUMBER
LC control number 87003200
020 ## - INTERNATIONAL STANDARD BOOK NUMBER
International Standard Book Number 0394893301
020 ## - INTERNATIONAL STANDARD BOOK NUMBER
International Standard Book Number 0394993306 (lib. bdg.)
020 ## - INTERNATIONAL STANDARD BOOK NUMBER
International Standard Book Number 9780394893303
020 ## - INTERNATIONAL STANDARD BOOK NUMBER
International Standard Book Number 9780394993300 (lib. bdg.)
040 ## - CATALOGING SOURCE
Original cataloging agency DLC
Transcribing agency DLC
Modifying agency DLC
042 ## - AUTHENTICATION CODE
Authentication code lcac
050 00 - LIBRARY OF CONGRESS CALL NUMBER
Classification number PZ7.A1824
Item number So 1988
082 00 - DEWEY DECIMAL CLASSIFICATION NUMBER
Classification number [E]
Edition information 19
099 ## - LOCAL FREE-TEXT CALL NUMBER (OCLC)
Classification number ACKERK
001 - CONTROL NUMBER
control field data
100 1# - MAIN ENTRY--PERSONAL NAME
Personal name Ackerman, Karen,
Dates associated with a name 1951-
245 10 - TITLE STATEMENT
Title Song and dance man /
Statement of responsibility, etc. Karen Ackerman & Stephen Gammell.
260 ## - PUBLICATION, DISTRIBUTION, ETC.
Place of publication, distribution, etc. New York :
Name of publisher, distributor, etc. Distributed by Random House,
-- Distributed by Random House,
Date of publication, distribution, etc. c1988.
300 ## - PHYSICAL DESCRIPTION
Extent [30] p. :
Other physical details col. ill. ;
Dimensions 28 cm.
520 ## - SUMMARY, ETC.
Summary, etc. Grandpa demonstrates for his visiting grandchildren some of the songs, dances, and jokes he performed when he was a vaudeville entertainer.
650 #1 - SUBJECT ADDED ENTRY--TOPICAL TERM
Topical term or geographic name entry element Entertainers
General subdivision Fiction.
650 #1 - SUBJECT ADDED ENTRY--TOPICAL TERM
Topical term or geographic name entry element Grandfathers
General subdivision Fiction.
700 1# - ADDED ENTRY--PERSONAL NAME
Personal name Gammell, Stephen,
Relator term ill.
856 42 - ELECTRONIC LOCATION AND ACCESS
Materials specified Contributor biographical information
Uniform Resource Identifier <a href="http://www.loc.gov/catdir/bios/random056/87003200.html">http://www.loc.gov/catdir/bios/random056/87003200.html</a>
856 42 - ELECTRONIC LOCATION AND ACCESS
Materials specified Publisher description
Uniform Resource Identifier <a href="http://www.loc.gov/catdir/description/random041/87003200.html">http://www.loc.gov/catdir/description/random041/87003200.html</a>
Holdings
Withdrawn status Lost status Damaged status Not for loan Home library Current library Shelving location Date acquired Total checkouts Full call number Barcode Date last seen Price effective from Koha item type
        Centerville Centerville General stacks 22/03/2026   [E] 19 BC0010334 22/03/2026 22/03/2026 Books